| 000 | 00761nam a2200241Ia 4500 | ||
|---|---|---|---|
| 005 | 20250117104440.0 | ||
| 008 | 008 250103s9999 xx 000 0 eng d | ||
| 020 | _a9781107034938 | ||
| 037 | _aTextbook | ||
| 040 |
_aCSL _beng _cCSL |
||
| 041 |
_aeng _2eng |
||
| 084 |
_aC:(G) Q5 Carpa _qCSL |
||
| 100 |
_aVologodskii, Alexander _9732253 |
||
| 245 | 0 |
_aBiophysics od DNA _cVologodskii, Alexander |
|
| 260 |
_aport melborne _b Cambridge University Press United kindom _c2021 |
||
| 300 | _avi,254p. Col.ill. | ||
| 650 |
_a Conformational transitions _9734672 |
||
| 650 |
_a Dna dynamicsCircular dna _9734673 |
||
| 650 |
_a Dna structure _9734674 |
||
| 650 | _aPhysics | ||
| 942 |
_cTB _hC:(G) Q5 Carpa |
||
| 999 |
_c1238117 _d1238117 |
||